Propuesta de acción para el procesamiento de datos censales

Gespeichert in:
Bibliographische Detailangaben
Körperschaft: Consejo Nacional de Investigaciones Científicas y Tecnológicas
Format: Text
Veröffentlicht: San José: ADEC
Schlagworte:
Tags: Tag hinzufügen
Keine Tags, Fügen Sie den ersten Tag hinzu!

MARC

LEADER 00000 a a2200000 04500
001 14445
003
040
090 |a 022500  
110 |a Consejo Nacional de Investigaciones Científicas y Tecnológicas  
245 |a Propuesta de acción para el procesamiento de datos censales  
260 |a San José:   |b ADEC  
300 |a 2 p  
650 |a CENSOS  
650 |a PROCESAMIENTO DE DATOS  
999 |c 16085  |d 16085